| 000 | 00492nam a2200217Ia 4500 | ||
|---|---|---|---|
| 008 | 210210b2011 xxu||||| |||| 00| 0 eng d | ||
| 020 | _a9789380179933 | ||
| 041 | _aeng | ||
| 082 | _a657.2 SHAB | ||
| 100 | _aSHAH (C K) | ||
| 245 | _aBook keeping and accounting | ||
| 260 |
_aJaipur _bOxford _c2011 |
||
| 300 | _aviii,225 | ||
| 650 | _akeeping | ||
| 650 | _aBook | ||
| 650 | _aand | ||
| 650 | _aaccounting | ||
| 690 | _aAccountancy | ||
| 700 | _aGARG (Suresh) | ||
| 906 | _a066039 | ||
| 999 |
_c146754 _d146754 |
||